[Event "Lost Boys op"]
[Site "Antwerp"]
[Date "1997.08.10"]
[Round "9"]
[White "Bartels, Hans A"]
[Black "Grooten, Herman"]
[Result "0-1"]
[WhiteElo "2325"]
[BlackElo "2390"]
[PlyCount "74"]
[EventDate "1997.08.02"]
[EventType "swiss"]
[EventRounds "9"]
[EventCountry "BEL"]
[SourceTitle "CBM 059 Extra"]
[Source "ChessBase"]
[SourceDate "1997.09.26"]
[SourceVersion "1"]
[SourceVersionDate "1997.09.26"]
[SourceQuality "1"]

1. c4 b6 2. Nc3 c5 3. Nf3 Bb7 4. e4 d6 5. d4 cxd4 6. Nxd4 Nf6 7. Qe2 Nbd7 8. g3 g6 9. b3 Bg7 10. Bb2 0-0 11. Bg2 a6 12. 0-0 e6 13. Rad1 Qb8 14. f4 Re8 15. Nc2 b5 16. cxb5 axb5 17. Nb4 Nc5 18. Rfe1 h5 19. h3 e5 20. fxe5 dxe5 21. Kh2 h4 22. g4 Bh6 23. Qxb5 Bf4+ 24. Kg1 Qa7 25. Kh1 Bg3 26. Rf1 Nfxe4 27. Qe2 Nxc3 28. Bxc3 Ne6 29. Bxb7 Qxb7+ 30. Nd5 Nc7 31. Rxf7 Kxf7 32. Qf3+ Bf4 33. Bxe5 Nxd5 34. Bxf4 Rad8 35. Bc7+ Nf4 36. Qxb7 Rxd1+ 37. Kh2 Re2+ 0-1

[Event "NED-chT"]
[Site "Netherlands"]
[Date "1997.??.??"]
[Round "?"]
[White "Lanchava, Tea"]
[Black "Bartels, Hans A"]
[Result "1-0"]
[WhiteElo "2265"]
[BlackElo "2340"]
[PlyCount "75"]
[EventDate "1997.??.??"]
[EventType "team"]
[EventRounds "9"]
[EventCountry "NED"]
[SourceTitle "EXT 2007"]
[Source "ChessBase"]
[SourceDate "2006.11.23"]
[SourceVersion "1"]
[SourceVersionDate "2006.11.23"]
[SourceQuality "1"]

1. d4 d5 2. c4 e6 3. Nc3 Nf6 4. cxd5 exd5 5. Bg5 Be7 6. e3 c6 7. Bd3 0-0 8. Qc2 Nbd7 9. h3 Re8 10. Nf3 Nf8 11. 0-0 Ng6 12. Ne5 Nxe5 13. dxe5 Nd7 14. Bf4 Bf8 15. Bxh7+ Kh8 16. e6 Rxe6 17. Bf5 Re8 18. e4 d4 19. Ne2 Nc5 20. Ng3 Bxf5 21. exf5 Qd5 22. Qd1 Kg8 23. Qg4 Nd3 24. Nh5 Kh8 25. Qh4 Kg8 26. Qg4 Kh8 27. Bh6 Qe5 28. Bxg7+ Bxg7 29. f4 Qe3+ 30. Kh2 Bh6 31. Qh4 Qe7 32. Nf6 Qf8 33. Rad1 Nc5 34. Rxd4 Re2 35. Rf3 Rxb2 36. Rg3 Rxa2 37. Rg8+ Qxg8 38. Qxh6+ 1-0

[Event "NED-chT 9697"]
[Site "Netherlands"]
[Date "1996.??.??"]
[Round "9"]
[White "Goormachtigh, Johan"]
[Black "Bartels, Hans A"]
[Result "0-1"]
[WhiteElo "2305"]
[BlackElo "2335"]
[PlyCount "82"]
[EventDate "1996.??.??"]
[EventType "team"]
[EventRounds "11"]
[EventCountry "NED"]
[SourceTitle "EXT 2001"]
[Source "ChessBase"]
[SourceDate "2000.11.22"]
[SourceVersion "1"]
[SourceVersionDate "2000.11.22"]
[SourceQuality "1"]

1. d4 d5 2. c4 e6 3. Nc3 Nf6 4. cxd5 exd5 5. Bg5 Be7 6. e3 c6 7. Qc2 Nbd7 8. Bd3 0-0 9. Nf3 Re8 10. h3 Nf8 11. Bf4 Ng6 12. Bh2 Bd6 13. Bxd6 Qxd6 14. 0-0-0 Qe7 15. g4 Ne4 16. Bxe4 dxe4 17. Nd2 f5 18. gxf5 Bxf5 19. f3 Nh4 20. fxe4 Bg6 21. Rhg1 b5 22. Rdf1 b4 23. Na4 Bxe4 24. Nxe4 Qxe4 25. Qxe4 Rxe4 26. Kd2 Rd8 27. Nc5 Re7 28. Kd3 Ng6 29. Rg3 Ne5+ 30. Kc2 Nc4 31. Rff3 a5 32. Nb3 Rde8 33. Kd3 Nxb2+ 34. Ke2 a4 35. Nc5 Rd8 36. Rg4 Nc4 37. Re4 Rxe4 38. Nxe4 b3 39. axb3 axb3 40. Nc3 b2 41. Kd3 Ne5+ 0-1

[Event "NED-chT 9697"]
[Site "Netherlands"]
[Date "1996.??.??"]
[Round "?"]
[White "Van der Vliet, Fredrik"]
[Black "Bartels, Hans A"]
[Result "1-0"]
[WhiteElo "2330"]
[BlackElo "2335"]
[PlyCount "141"]
[EventDate "1996.??.??"]
[EventType "team"]
[EventRounds "11"]
[EventCountry "NED"]
[SourceTitle "EXT 2000"]
[Source "ChessBase"]
[SourceDate "1999.11.16"]
[SourceVersion "1"]
[SourceVersionDate "1999.11.16"]
[SourceQuality "1"]

1. d4 d5 2. c4 e6 3. Nf3 Nf6 4. Nc3 Be7 5. Bf4 0-0 6. e3 a6 7. Rc1 dxc4 8. Bxc4 c5 9. dxc5 Bxc5 10. Qxd8 Rxd8 11. Ke2 Nc6 12. Na4 Ba7 13. Bc7 Re8 14. Nb6 Bxb6 15. Bxb6 Nd5 16. Bc5 b5 17. Bd3 Bb7 18. Rhd1 Rac8 19. Bb1 h6 20. g3 Nf6 21. Nd2 Ne5 22. Bd6 Nc4 23. Nxc4 bxc4 24. f3 Nd7 25. e4 Nb6 26. Be5 Bc6 27. Kf2 Bb5 28. Bd4 Nd7 29. Rc3 e5 30. Be3 Nc5 31. Bxc5 Rxc5 32. b4 Rc7 33. Bc2 Rb8 34. Rd5 f6 35. a3 Kf8 36. Ke3 Ke7 37. Bd1 Rd8 38. Rxd8 Kxd8 39. Be2 Ke7 40. Rc1 Rc8 41. Ra1 Ba4 42. Rc1 Bb3 43. Bd1 Rc6 44. Bxb3 cxb3 45. Kd2 b2 46. Rb1 Kd7 47. Rxb2 Rd6+ 48. Kc3 Rc6+ 49. Kb3 Rd6 50. Rc2 g5 51. Kc3 Rc6+ 52. Kd3 Rb6 53. Rc5 Rb7 54. Kc4 Rb6 55. a4 h5 56. b5 axb5+ 57. axb5 h4 58. gxh4 gxh4 59. Rd5+ Kc7 60. Kc5 Re6 61. Rd1 Re8 62. b6+ Kc8 63. Rd6 Rf8 64. Kc6 h3 65. Re6 Kb8 66. b7 Ka7 67. Re7 Kb8 68. Rd7 f5 69. exf5 Rf6+ 70. Rd6 Rf8 71. f6 1-0

[Event "NED-chT 9596"]
[Site "Netherlands"]
[Date "1995.??.??"]
[Round "?"]
[White "Bartels, Hans A"]
[Black "Barsov, Alexei"]
[Result "0-1"]
[WhiteElo "2330"]
[BlackElo "2445"]
[PlyCount "138"]
[EventDate "1995.??.??"]
[EventType "team"]
[EventRounds "9"]
[EventCountry "NED"]
[SourceTitle "EXT 1999"]
[Source "ChessBase"]
[SourceDate "1998.11.16"]
[SourceVersion "1"]
[SourceVersionDate "1998.11.16"]
[SourceQuality "1"]

1. c4 e6 2. g3 d5 3. Nf3 dxc4 4. Qa4+ Nd7 5. Qxc4 c5 6. Bg2 b6 7. Qc2 Bb7 8. 0-0 Rc8 9. b3 Ne7 10. d3 Nf5 11. Nbd2 Be7 12. Bb2 0-0 13. Rac1 Bf6 14. Rfe1 Nb8 15. Qb1 Nc6 16. Nc4 Rc7 17. a3 Ncd4 18. Nxd4 cxd4 19. Bxb7 Rxb7 20. Nd2 Bg5 21. Rc2 Bxd2 22. Rxd2 h5 23. Rc1 h4 24. Qc2 Qg5 25. Kg2 Rd7 26. Rdd1 Qg4 27. Qd2 hxg3 28. hxg3 Rd5 29. Qb4 Nh4+ 30. Kh2 Qxe2 31. gxh4 Qxb2 32. Qd2 Qxa3 33. Rg1 Qd6+ 34. Kh3 Rf5 35. Rg3 Qf4 36. Qxf4 Rxf4 37. Rcg1 g6 38. h5 Kg7 39. hxg6 Rh8+ 40. Kg2 fxg6 41. Rc1 Rhf8 42. Rc2 R8f5 43. b4 Kf6 44. Rh3 Rg5+ 45. Kf1 Rh5 46. Rxh5 gxh5 47. Rc7 Rf5 48. Rxa7 Rb5 49. Rh7 Kg6 50. Re7 Kf5 51. Rh7 Kg4 52. Re7 e5 53. Kg2 h4 54. Rg7+ Kf5 55. Rh7 Rxb4 56. Rxh4 Rb3 57. Rh6 b5 58. Rb6 e4 59. dxe4+ Kxe4 60. Rb8 d3 61. Re8+ Kd4 62. Kf3 b4 63. Rd8+ Kc3 64. Ke3 Kc2 65. f4 Rc3 66. f5 b3 67. f6 b2 68. f7 b1Q 69. f8Q d2+ 0-1

[Event "Casino op 2nd"]
[Site "Velden"]
[Date "1994.??.??"]
[Round "4"]
[White "Kaminski, Marcin"]
[Black "Bartels, Hans A"]
[Result "1-0"]
[WhiteElo "2440"]
[BlackElo "2335"]
[PlyCount "127"]
[EventDate "1994.07.??"]
[EventType "swiss"]
[EventRounds "9"]
[EventCountry "AUT"]
[SourceTitle "TD"]
[Source "ChessBase"]
[SourceDate "1994.03.01"]
[SourceVersion "1"]
[SourceVersionDate "1994.03.01"]
[SourceQuality "1"]

1. e4 c6 2. d4 d5 3. e5 Bf5 4. Nf3 e6 5. Be2 c5 6. 0-0 Nc6 7. c3 cxd4 8. cxd4 Nge7 9. b3 Nc8 10. Na3 Be7 11. Nc2 0-0 12. Bb2 a5 13. Ne3 Bg6 14. Ne1 a4 15. f4 Qb6 16. f5 Bxf5 17. Nxf5 exf5 18. Rxf5 a3 19. Bc3 Bb4 20. Bxb4 Nxd4 21. Kh1 Nxf5 22. Bxf8 Kxf8 23. Qxd5 Nce7 24. Qe4 Rd8 25. Nf3 Qe3 26. Qxe3 Nxe3 27. Kg1 Nc6 28. Rc1 Nd5 29. Bc4 Ndb4 30. Rf1 Ke7 31. Ng5 f6 32. exf6+ gxf6 33. Ne4 Rd4 34. Nc3 Ne5 35. Nb5 Rd2 36. Nxa3 Rxa2 37. Nb5 Nxc4 38. bxc4 Rc2 39. Re1+ Kd7 40. Rd1+ Ke7 41. Rd4 Ke6 42. h3 Nc6 43. Re4+ Kd7 44. Rh4 Ne7 45. Rd4+ Ke6 46. Rd6+ Ke5 47. Rd7 Ng6 48. Rxh7 Rxc4 49. Rxb7 Rc5 50. Nc7 Rc2 51. Rb5+ Kd6 52. Nd5 Nh4 53. Nf4 Rc4 54. Nd3 Rc2 55. Nf4 Rc4 56. Rb6+ Ke5 57. g3 Rc1+ 58. Kf2 Rc2+ 59. Ne2 Nf5 60. Kf3 Rc5 61. h4 Ra5 62. Rb3 Nd6 63. Re3+ Kf5 64. Nf4 1-0

[Event "NED-chT"]
[Site "Netherlands"]
[Date "1993.??.??"]
[Round "8"]
[White "Van den Berg, Ad"]
[Black "Bartels, Hans A"]
[Result "0-1"]
[WhiteElo "2230"]
[BlackElo "2335"]
[PlyCount "84"]
[EventDate "1993.??.??"]
[EventType "team"]
[EventRounds "11"]
[EventCountry "NED"]
[SourceTitle "EXT 1997"]
[Source "ChessBase"]
[SourceDate "1996.11.15"]
[SourceVersion "1"]
[SourceVersionDate "1996.11.15"]
[SourceQuality "1"]

1. e4 c6 2. Nc3 d5 3. Qf3 dxe4 4. Nxe4 Nd7 5. d4 Ngf6 6. Bc4 e6 7. Bg5 Qa5+ 8. Bd2 Qb6 9. Nxf6+ Nxf6 10. Bc3 Nd5 11. Ne2 Nxc3 12. bxc3 Bd6 13. Bd3 Qc7 14. Ng3 0-0 15. Ne4 Be7 16. Qh5 f5 17. Ng5 h6 18. Nf3 Qa5 19. 0-0 Qxc3 20. Rad1 Bf6 21. g4 Bd7 22. Rfe1 Rad8 23. gxf5 exf5 24. Re3 Qa5 25. Ne5 Bxe5 26. Bc4+ Kh8 27. Rxe5 Qb4 28. Bb3 Bc8 29. Qh4 f4 30. Rh5 Rd6 31. Kh1 Rg6 32. h3 Qc3 33. Rg1 Rxg1+ 34. Kxg1 Rf6 35. Rxh6+ Rxh6 36. Qd8+ Kh7 37. Bg8+ Kg6 38. Qe8+ Kg5 39. Qe5+ Kh4 40. Qxf4+ Kxh3 41. Qh2+ Kg4 42. Qg2+ Kf4 0-1

[Event "Heraklio op"]
[Site "Heraklion"]
[Date "1993.??.??"]
[Round "3"]
[White "Yandemirov, Valeri"]
[Black "Bartels, Hans A"]
[Result "1-0"]
[WhiteElo "2490"]
[BlackElo "2335"]
[PlyCount "61"]
[EventDate "1993.??.??"]
[EventType "swiss"]
[EventRounds "9"]
[EventCountry "GRE"]
[SourceTitle "TD"]
[Source "ChessBase"]
[SourceDate "1994.03.01"]
[SourceVersion "1"]
[SourceVersionDate "1994.03.01"]
[SourceQuality "1"]

1. e4 c6 2. d4 d5 3. Nd2 dxe4 4. Nxe4 Nd7 5. Bc4 Ngf6 6. Ng5 e6 7. Qe2 Nb6 8. Bb3 h6 9. N5f3 c5 10. c3 a6 11. dxc5 Bxc5 12. Ne5 Qc7 13. Ngf3 Nbd5 14. 0-0 b5 15. a4 Rb8 16. axb5 axb5 17. c4 bxc4 18. Ba4+ Bd7 19. Nxd7 Nxd7 20. Ne5 N5b6 21. Nxd7 Nxd7 22. Rd1 Bd6 23. Bf4 Rb6 24. Bxd6 Rxd6 25. Rxd6 Qxd6 26. Rd1 Qb6 27. Bxd7+ Ke7 28. Ba4 Rd8 29. Rxd8 Kxd8 30. Qd2+ Ke7 31. Bd1 1-0

[Event "Guernsey op"]
[Site "Guernsey"]
[Date "1990.??.??"]
[Round "?"]
[White "Martin, Andrew D"]
[Black "Bartels, Hans A"]
[Result "0-1"]
[WhiteElo "2415"]
[BlackElo "2395"]
[PlyCount "60"]
[EventDate "1990.10.??"]
[EventType "swiss"]
[EventRounds "7"]
[EventCountry "GCI"]
[SourceTitle "EXT 1997"]
[Source "ChessBase"]
[SourceDate "1996.11.15"]
[SourceVersion "1"]
[SourceVersionDate "1996.11.15"]
[SourceQuality "1"]

1. d4 d5 2. Nf3 Nf6 3. c4 e6 4. Nc3 Be7 5. Bf4 0-0 6. e3 c5 7. dxc5 Qa5 8. Qc2 Nc6 9. a3 Bxc5 10. Rd1 Be7 11. Nd2 e5 12. Nb3 Qb6 13. Bg5 d4 14. Bxf6 Bxf6 15. Nd5 Qd8 16. Bd3 g6 17. exd4 Nxd4 18. Nxd4 exd4 19. Nxf6+ Qxf6 20. 0-0 Re8 21. Be4 Qe5 22. f3 Be6 23. Rfe1 Qc5 24. Bxb7 Rab8 25. Qa4 d3+ 26. Kh1 Qxc4 27. b4 d2 28. Rxd2 Bd7 29. Rxe8+ Bxe8 30. Ba6 Qe6 0-1

[Event "Luxembourg op 28th"]
[Site "Luxembourg"]
[Date "1989.??.??"]
[Round "5"]
[White "Bartels, Hans A"]
[Black "Schmittdiel, Eckhard"]
[Result "1/2-1/2"]
[WhiteElo "2405"]
[BlackElo "2425"]
[PlyCount "82"]
[EventDate "1989.05.13"]
[EventType "swiss"]
[EventRounds "9"]
[EventCountry "LUX"]
[SourceTitle "EXT 2003"]
[Source "ChessBase"]
[SourceDate "2002.11.25"]
[SourceVersion "1"]
[SourceVersionDate "2002.11.25"]
[SourceQuality "1"]

1. d4 Nf6 2. c4 e6 3. g3 Bb4+ 4. Nc3 c5 5. Nf3 cxd4 6. Nxd4 Ne4 7. Qd3 Qa5 8. Nb3 Qf5 9. Qe3 Nc6 10. Bg2 Nd6 11. c5 Nc4 12. Qd3 Qxd3 13. exd3 N4a5 14. Nxa5 Nxa5 15. Be3 d6 16. cxd6 Bd7 17. Ke2 Bc6 18. Bxc6+ Nxc6 19. Nb5 Kd7 20. Rhc1 Bxd6 21. Nxd6 Kxd6 22. Rc3 Kd7 23. Rac1 Rhc8 24. a3 h5 25. Rc5 g6 26. h3 b6 27. R5c3 Ne7 28. Rxc8 Rxc8 29. Rxc8 Nxc8 30. f3 Kc6 31. g4 Kd5 32. Kf2 Nd6 33. Kg3 hxg4 34. fxg4 f5 35. Kf4 fxg4 36. Kxg4 Nf7 37. a4 e5 38. b3 e4 39. dxe4+ Kxe4 40. Bf2 Kd3 41. a5 bxa5 1/2-1/2